Slovensko vie pomôcť cestovnému ruchu aj bez ministerstva

Na minha lista:
Detalhes bibliográficos
Autor principal: Fodranová, Iveta, 1959-
Formato: Capítulo de Livro
Idioma:eslovaco
Assuntos:
Tags: Adicionar Tag
Sem tags, seja o primeiro a adicionar uma tag!

MARC

LEADER 00000naa a2200000 4500
001 0259454
005 20240502074114.1
041 0 |a slo 
044 |a SK 
245 1 0 |a Slovensko vie pomôcť cestovnému ruchu aj bez ministerstva  |c Iveta Fodranová 
610 2 0 |a ruch cestovný 
610 2 0 |a politika 
100 1 |a Fodranová, Iveta, 1959-